000 01397cam a2200337 a 4500
001 EDZ0000072114
003 StDuBDS
005 20161031105130.0
006 m||||||||d||||||||
007 cr |||||||||||
008 120412s2007 enk fo| 001|0|eng d
020 _a9781446213124 (ebook) :
_cNo price
040 _aStDuBDS
_beng
_cStDuBDS
_epn
049 _aAlfaisal Main Library
050 4 _aPN4775
082 0 4 _a808.06607
_223
100 1 _aPhillips, Angela.
245 1 0 _aGood writing for journalists
_h[electronic resource] :
_bnarrative, style, structure /
_cAngela Phillips.
260 _aLondon :
_bSAGE,
_cc2007.
300 _a1 online resource (vii, 218 p.)
504 _aIncludes bibliographical references and index.
520 8 _aThis is a book about the art of writing for newspapers and magazines, but doesn't look at punctuation, spelling and the stylistic conventions of 'everyday' journalism. Instead, it presents extended examples of writing which are powerful memorable, colourful or funny.
521 _aSpecialized.
588 _aDescription based on print version record.
650 0 _aJournalism
_xAuthorship.
655 7 _aElectronic books.
_2local
710 2 _aSage eBooks
776 0 8 _iPrint version :
_z9781412919173
856 4 0 _uhttp://ezproxy.alfaisal.edu/login?url=http://sk.sagepub.com/books/good-writing-for-journalists
942 _2lcc
_cEBOOKS
999 _c479992
_d479992